000 00344nam a22001337a 4500
082 _aRIB.27 678.065:678.01
_bMAJ
100 _aMAJUMDAR (Samir)
245 _aTyre testing
246 _aRubber Industry Books Box. Pocketbook. 27
260 _aThailand
_bTechnobiz Communications
_c2018
300 _a76p.
650 _aTyre testing
942 _cBK
999 _c74830
_d74830